000 00678nam a2200181Ia 4500
008 090630s9999 xx 000 0 und d
082 _b15854
100 _aकर्णिक मधु मंगेश.
245 _aदूत पर्जन्याचा.
_cकर्णिक मधु मंगेश.
260 _bतिडके नरेंद्र - मुंबई.
300 _a0
600 _aकर्णिक मधु मंगेश.
630 _aदूत पर्जन्याचा.
655 _aइतर.
700 _aकर्णिक मधु मंगेश.
730 _aदूत पर्जन्याचा.
942 _cBOOK
999 _c267710
_d267710